000 01218nam a2200253 a 4500
001 000015911
005 20250528135752.0
008 100222s1996 dr 001 0 spa d
040 _aDO-SdBNP
_bspa
_cBNPHU
082 _a344.729301
_bA345d
100 1 _aAlburquerque de Castro, Rafael Francisco,
_d1940-
_935785
245 1 0 _aDerecho del trabajo /
_cRafael F. Alburquerque.
260 _aSanto Domingo :
_bLozano,
_c1996.
300 _av. ;
_c22 cm.
500 _aLa biblioteca posee el v.2.
504 _aIncluye bibliografía y notas al pie de páginas.
505 0 _tv.-II: El empleo y el Trabajo:
_tEl empleo:
_tFormación profesional --
_tLa celebración del contrato de trabajo --
_tLas modalidades del contrato de trabajo --
_tLa suspensión de los efectos del contrato de trabajo --
_tLa terminación del contrato de trabajo --
_tEl trabajo:
_tLa jornada de trabajo --
_tLos descansos --
_tLa protección contra los riesgos del trabajo --
_tEl salario.
590 _aInventariado, 2018/VM
650 4 _aDerecho laboral
_xLegislación
_zRepública Dominicana
_97806
650 4 _aTrabajo
_935792
650 4 _aContratos de trabajos
_935793
650 0 _aEmpleos
_932282
910 _aValidado. Control de calidad EMS
999 _c15453
_d15453